| 000 | 00500cas a22001815a 4500 | ||
|---|---|---|---|
| 001 | L118992 | ||
| 008 | 020722c xxkqr p a eng u | ||
| 035 | _a(Sirsi) u118992 | ||
| 041 | _aeng | ||
| 110 | 2 |
_aRoyal Institution of Chartered Surveyors _bEast of England _95214 |
|
| 245 | _aEast of England News | ||
| 260 |
_aCambridge _bRICS _cn.d. |
||
| 362 | 0 | _aJune 2002 | |
| 554 | _aFour per year | ||
| 651 | 4 | _aENGLAND | |
| 690 | _aMANAGEMENT-BUSINESS MANAGEMENT-PROFESSIONAL PRACTICE | ||
| 942 | _n0 | ||
| 999 |
_c118757 _d118757 |
||